Radar systems for the water resources mission final report

محفوظ في:
التفاصيل البيبلوغرافية
التنسيق: كتاب
اللغة:English
منشور في: Greenbelt, Maryland: National Aeronautics and Space Administration 1976
الموضوعات:
الوسوم: إضافة وسم
لا توجد وسوم, كن أول من يضع وسما على هذه التسجيلة!

MARC

LEADER 00000nam a2200000Ia 4500
003 MV0057
005 20221231143843.0
008 140116s1976 us a 000 ||eng d
040 |c cru CEDI 
090 |a MV 57 
245 |a Radar systems for the water resources mission final report  
260 |c  1976  |b Greenbelt, Maryland: National Aeronautics and Space Administration 
300 |c v, 11-110 páginas :ilustraciones  
500 |a Remote Sensing Laboratory RSL Technical Report 295-3. Volumen II (same as Volume II, TR 291-2 "Radar systems for near -polar observations final study Repor" contract Nas 5-22325) Contract Nas 5-22384 
650 |c GESTION DE CALIDAD  |9 21476 
942 |c MX 
999 |c 13245  |d 13245